000 00931nas a2200301 4500
001 BR0104922
003 BR-BrBNA
005 20231205102508.0
007 ta
008 230509b bl.|||p| |||| 00| 00por d
040 _aBR-BrBNA
_bpor
_cBiblioteca Nacional de Agricultura
041 _a(Pt)
072 _aL70
100 1 _aBotelho, R.P.
100 1 _aAlvarenga, J. de
100 1 _aSilva, M.F.A. da
100 1 _aFalcao, M.V. de C.
100 1 _aOliveira, A.P.R. de
100 1 _aCoutinho, F.R.
245 1 _aFixador de madeira e parafusos de aco no tratamento de fraturas mandibulares produzidas em caes (Canis familiaris)
650 _aCao
650 _aCirurgia
650 _aMandibula
650 _aFratura
773 0 _tRevista Brasileira de Medicina Veterinaria (Brazil)
_xISSN 0100-2430
_g(Mar-Apr 2001), v. 23(2) p. 81-86
_wBR0104922
909 _a202311
_bLúcia
_c55
_dLúcia Elande
942 _2AGRIS
_n0
_cANA
999 _c167855
_d167855